00525cam a22001811 4500001000800000005001700008008004100025010001700066040001800083041001100101080001600112082001600128100000700144101000800151240005400159245009800213504003200311405794120180306033626.0730515s1962 nyuafh bd 000 0 eng  a 62006363  aDLCcDLCdDLC1 aengspa a398.303 CIR00a398.303 CIR1 a23 aFJA10aDiccionario de símbolos tradicionales.lEnglish12aA dictionary of symbols.cTranslated from the Spanish by Jack Sage. Foreword by Herbert Read. aBibliography: p. [367]-377.